| 000 | 00645cam a2200193 a 4500 | ||
|---|---|---|---|
| 020 | _a0471298298 | ||
| 040 | _cDLC | ||
| 082 | 0 | 0 | _a658 WIL 2000 A053 Co. |
| 100 | 1 | _aMeredith, Jack R. | |
| 245 | 1 | 0 |
_aProject management : _ba managerial approach / |
| 250 | _a4th ed. | ||
| 260 |
_aNew York : _bWiley, _cc2000. |
||
| 300 |
_axvi, 616 p. : _bill. (some col.), col. maps ; _c25 cm. + _e1 computer optical disc (4 3/4 in.) |
||
| 650 | 0 | _aProject management. | |
| 700 | 1 | _aMantel, Samuel J. | |
| 856 | 4 | _uhttp://www.loc.gov/catdir/toc/onix05/00269150.html | |
| 856 | 4 | 2 | _uhttp://www.loc.gov/catdir/enhancements/fy0706/00269150-d.html |
| 942 | _cEK | ||
| 999 |
_c15018 _d15018 |
||